Fast typing numbers 1#. - Statistics

General Stats
  • This quiz has been taken 82 times
  • The average score is 15 of 15
Answer Stats
Hint Answer % Correct
# 1
100%
# 2
100%
# 3
100%
# 6
100%
# 4
98%
# 5
98%
# 7
98%
# 10
95%
# 11
95%
# 12
95%
# 13
95%
# 8
95%
# 9
95%
# 14
93%
# 15
93%
No matching quizzes found
Score Distribution
Percent of People with Each Score
Percentile by Number Answered
Your Score History
You have not taken this quiz